[Event "POL-chT3"]
[Site "Jastrzebia Gora POL"]
[Date "2015.??.??"]
[Round "4.97"]
[White "Gierulski, Kamil"]
[Black "Maj, Pawel"]
[Result "1-0"]
[WhiteElo "2145"]
[BlackElo "2078"]
[EventDate "2015.??.??"]
[WhiteTitle "k"]
[BlackTitle "k"]

1.e4 c5 2.Nf3 d6 3.d4 cxd4 4.Nxd4 Nf6 5.Nc3 a6 6.Be2 g6 7.a4 Bg7 8.O-O O-O
9.Be3 Nc6 10.h3 Bd7 11.Qd2 Rc8 12.f4 Nxd4 13.Bxd4 Be6 14.Bf3 Bc4 15.Rfe1 
e5 16.Be3 Be6 17.Kh1 Qe7 18.Rad1 Rfd8 19.Qc1 Nd7 20.f5 gxf5 21.exf5 Bxf5 
22.Bxb7 Rb8 23.Bxa6 Qe6 24.Re2 Kh8 25.Bd3 Bxd3 26.cxd3 f5 27.d4 e4 28.Rf2 
Rg8 29.Rdf1 Rbf8 30.Qc2 Nb6 31.b3 Nd5 32.Nxd5 Qxd5 33.b4 Rc8 34.Qd1 Rc3 
35.Qe2 Qb3 36.Bd2 Rd3 37.Be1 Bxd4 38.Rxf5 Re3 39.Qh5 Bg7 40.a5 Rd3 41.R5f4
Rd5 42.Qf7 Qd3 43.Rg4 h6 44.Rg3 Qe2 45.Bc3 1-0

[Event "POL-chT3"]
[Site "Jastrzebia Gora POL"]
[Date "2015.??.??"]
[Round "4.99"]
[White "Miasik, Adrian"]
[Black "Koziol, Pawel"]
[Result "1-0"]
[WhiteElo "1754"]
[BlackElo "1927"]
[EventDate "2015.??.??"]
[WhiteTitle "I"]
[BlackTitle "I++"]

1.d4 Nf6 2.Nf3 d6 3.c4 Nbd7 4.Nc3 e5 5.e4 g6 6.Be2 Bg7 7.O-O O-O 8.dxe5 
dxe5 9.Qc2 c6 10.Rd1 Re8 11.b3 Bf8 12.Bg5 h6 13.Bd2 Qc7 14.a3 a5 15.Na4 
Nc5 16.Nxc5 Bxc5 17.b4 Bf8 18.bxa5 Bg4 19.Bb4 c5 20.Bc3 Bxf3 21.Bxf3 h5 
22.Rab1 Bh6 23.Qb2 Re7 24.Qb6 Qxb6 25.Rxb6 Bg7 26.Rdb1 Rd8 27.Rxb7 Rxb7 
28.Rxb7 Nxe4 29.a6 Nd6 30.Bd5 Ra8 31.Rb6 Nc8 32.Bxa8 Nxb6 33.Bb7 1-0

[Event "POL-chT3"]
[Site "Jastrzebia Gora POL"]
[Date "2015.??.??"]
[Round "4.100"]
[White "Milczarek, Robert"]
[Black "Ziemniak, Piotr"]
[Result "0-1"]
[WhiteElo "1763"]
[BlackElo "1838"]
[EventDate "2015.??.??"]
[WhiteTitle "I"]
[BlackTitle "I"]

1.d4 Nf6 2.c4 g6 3.Nc3 Bg7 4.e4 d6 5.Nf3 O-O 6.Be2 e5 7.O-O Nc6 8.d5 Ne7 
9.Ne1 Nd7 10.Be3 f5 11.f3 Nf6 12.c5 f4 13.Bf2 g5 14.a4 h5 15.a5 a6 16.cxd6
cxd6 17.Na4 Qe8 18.Nb6 Rb8 19.Rc1 g4 20.Nxc8 Rxc8 21.Rxc8 Qxc8 22.Nd3 Rf7 
23.Qb3 Bf8 24.Rc1 Qd7 25.Bb6 Ne8 26.Kh1 Rg7 27.Qc4 Ng6 28.Qc8 Qf7 29.fxg4 
Ne7 30.Qc2 hxg4 31.Qd1 Qg6 32.Bd8 Nf6 33.Bxe7 Bxe7 34.Rc8+ Kh7 35.Nf2 g3 
36.Nh3 gxh2 37.Qf1 Nxe4 38.Qf3 Ng3+ 39.Kxh2 Nxe2 40.Qxe2 Bh4 41.Rc1 Bg3+ 
42.Kh1 e4 43.Rf1 Qf5 44.Nf2 e3 45.Nh3 Rc7 46.Qf3 Kg6 47.Kg1 Rc2 48.Nxf4+ 
Qxf4 49.Qxf4 Bxf4 50.Rxf4 Rc1+ 51.Rf1 Rc5 52.b4 Rxd5 53.Re1 Re5 54.g3 Kf5 
55.Kg2 Ke4 0-1

[Event "POL-chT3"]
[Site "Jastrzebia Gora POL"]
[Date "2015.??.??"]
[Round "4.101"]
[White "Wasik, Roman"]
[Black "Herman, Monika"]
[Result "1-0"]
[WhiteElo "1531"]
[BlackElo "1735"]
[EventDate "2015.??.??"]
[WhiteTitle "II+"]
[BlackTitle "I++"]

1.Nf3 Nf6 2.c4 e6 3.d4 Bb4+ 4.Nc3 b6 5.Qc2 Bb7 6.a3 Bxc3+ 7.Qxc3 d6 8.Bf4 
Nbd7 9.h3 h6 10.e3 O-O 11.Bd3 a5 12.Qc2 Qe7 13.O-O e5 14.Bg3 e4 15.Be2 
exf3 16.gxf3 Nh7 17.e4 Qe6 18.Kg2 Ng5 19.Rh1 Qe8 20.d5 a4 21.h4 Nh7 22.
Rag1 Nc5 23.Bf4 f6 24.Kf1 Kh8 25.Rg3 Rf7 26.Rhg1 g5 27.Be3 Qe7 28.hxg5 
hxg5 29.Qc3 Kg8 30.Rh1 Rg7 31.Bd4 Nb3 32.Rxh7 Rxh7 33.Bxf6 Qf7 34.Rxg5+ 
Kf8 35.Rf5 Qg6 36.Bg5+ Kg8 37.f4 Nc5 38.Bf3 Rf7 39.Bf6 Kf8 40.Bh5 Nxe4 41.
Bxg6 Nxc3 42.Bxf7 Bc8 43.Be6 Bxe6 44.dxe6 Ne4 45.Bh4+ Kg8 46.Ke2 Nc5 47.
Rg5+ Kf8 48.f5 Re8 49.Rh5 Rxe6+ 50.fxe6 Nxe6 51.Ke3 Kg7 52.Rf5 Nc5 53.Bd8 
Ne6 54.Bh4 Nc5 55.f4 Ne6 56.Rf6 Nc5 57.f5 Nd7 58.Rg6+ Kf7 59.Rg2 Ne5 60.
Rc2 c6 61.Ke4 Kg7 62.Bd8 b5 63.cxb5 cxb5 64.Rc7+ Kg8 65.f6 Nf7 66.Kd5 Nxd8
67.Rc8 Kf7 68.Rxd8 Kxf6 69.Rxd6+ 1-0

[Event "POL-chT3"]
[Site "Jastrzebia Gora POL"]
[Date "2015.??.??"]
[Round "4.102"]
[White "Baranska, Monika"]
[Black "Wasik, Justyna"]
[Result "1-0"]
[WhiteElo "1686"]
[BlackElo "1369"]
[EventDate "2015.??.??"]
[WhiteTitle "I++"]
[BlackTitle "I"]

1.d4 d6 2.e4 g6 3.f3 Bg7 4.Nc3 Nf6 5.Be3 O-O 6.Qd2 Nbd7 7.Nh3 e5 8.d5 Nh5 
9.g4 Nhf6 10.Nf2 Nb6 11.O-O-O Bd7 12.h4 h5 13.Be2 Rc8 14.Bg5 Qe8 15.Rdg1 
Kh7 16.gxh5 Nxh5 17.Nh3 c6 18.Be3 cxd5 19.Nxd5 Nxd5 20.exd5 Bb5 21.Bd3 
Bxd3 22.Qxd3 Qa4 23.Kb1 Rc4 24.Qb3 Qa6 25.Qd3 Rfc8 26.Rh2 Qb5 27.Ng5+ Kg8 
28.Bc1 e4 29.fxe4 Qb6 30.Rf1 Rb4 31.b3 Rc3 32.Qd1 Ra4 33.Bb2 Rxa2 34.Kxa2 
a5 35.Bxc3 Bxc3 36.Nxf7 a4 37.Qc1 axb3+ 38.cxb3 Qa6+ 39.Kb1 Qa1+ 40.Kc2 
Qa2+ 41.Kxc3 Qxh2 42.Kb4 Qe2 43.Qc8+ Kg7 44.Qh8# 1-0

[Event "POL-chT3"]
[Site "Jastrzebia Gora POL"]
[Date "2015.??.??"]
[Round "5.1"]
[White "Sivuk, Vitaly"]
[Black "Stopa, Jacek"]
[Result "1/2-1/2"]
[WhiteElo "2479"]
[BlackElo "2505"]
[EventDate "2015.??.??"]
[WhiteTitle "GM"]
[BlackTitle "GM"]

1.e4 e6 2.d4 d5 3.Nc3 Nf6 4.e5 Nfd7 5.f4 c5 6.Nf3 Nc6 7.Be3 Be7 8.Qd2 O-O 
9.dxc5 Nxc5 10.O-O-O a6 11.Qf2 b6 12.Qg3 Ra7 13.Be2 f5 14.Nd4 Qc7 15.Kb1 
Rb7 16.Qh3 b5 17.Nxc6 Qxc6 18.Bf3 Ne4 19.Ne2 a5 20.Nd4 Qc7 21.g4 Bc5 22.
gxf5 exf5 23.Rhg1 Bxd4 24.Bxd4 Be6 25.Rg2 Qc8 26.Qh4 b4 27.Rdg1 Kh8 28.Qe1
Qc4 29.Qe3 a4 30.Bxe4 dxe4 31.b3 Qa6 32.Rd2 Rc8 33.Rgd1 Rd7 34.Bb2 Rxd2 
35.Qxd2 Qc6 36.Rc1 Qb5 37.Qd6 Re8 38.Rg1 Kg8 39.h4 Kf7 40.Qc7+ Qd7 41.
Qxd7+ Bxd7 42.Rd1 Bc6 43.Bd4 axb3 44.axb3 Rd8 45.Kc1 h6 46.e6+ Kxe6 47.
Bxg7 Rxd1+ 48.Kxd1 e3 49.Bf8 Bf3+ 50.Kc1 Kd5 51.Bxb4 Ke4 52.Bd6 h5 53.c4 
Kd3 54.Bc5 Kc3 55.Bxe3 Kxb3 1/2-1/2

[Event "POL-chT3"]
[Site "Jastrzebia Gora POL"]
[Date "2015.??.??"]
[Round "5.2"]
[White "Kantans, Toms"]
[Black "Kowalczyk, Pawel"]
[Result "1/2-1/2"]
[WhiteElo "2502"]
[BlackElo "2352"]
[EventDate "2015.??.??"]
[WhiteTitle "IM"]
[BlackTitle "I++"]

1.e4 e6 2.d4 d5 3.Nd2 dxe4 4.Nxe4 Bd7 5.Nf3 Bc6 6.Bd3 Nd7 7.Qe2 Ngf6 8.
Ned2 Nd5 9.Nb3 Nb4 10.Be4 Bxe4 11.Qxe4 Nf6 12.Qe2 Be7 13.O-O O-O 14.c4 Qd6
15.Ne5 Rad8 16.Bf4 Qa6 17.Rfd1 Rfe8 18.Qf3 Nd7 19.Qg3 Nf8 20.a3 Nc6 21.d5 
exd5 22.cxd5 Nxe5 23.Bxe5 Ng6 24.Bxc7 Bd6 25.Bxd6 Qxd6 26.Qxd6 Rxd6 27.Kf1
Nf4 28.Rd4 Ng6 29.Rc1 Kf8 30.h4 b6 31.h5 Ne7 32.Rc7 a5 33.Rb7 Rc8 34.g3 
Nxd5 35.Nd2 Rc1+ 36.Kg2 Rd1 37.Rb8+ Ke7 38.Re4+ Re6 39.Rxe6+ fxe6 40.Nc4 
Kf6 41.Nxb6 Nxb6 42.Rxb6 Rd5 43.h6 gxh6 44.b4 axb4 45.axb4 Rd3 46.Rb8 Rb3 
47.b5 h5 48.b6 Kg7 49.b7 Kh6 50.f4 Kg7 51.Kh3 Kh6 52.Re8 Rxb7 53.Rxe6+ Kg7
54.Kh4 Rb5 55.Re5 Rxe5 56.fxe5 Kg6 57.e6 Kf6 58.Kxh5 Kxe6 59.Kh6 Kf5 60.
Kxh7 1/2-1/2

[Event "POL-chT3"]
[Site "Jastrzebia Gora POL"]
[Date "2015.??.??"]
[Round "5.3"]
[White "Jagodzinski, Piotr"]
[Black "Kolosowski, Mateusz"]
[Result "1/2-1/2"]
[WhiteElo "2246"]
[BlackElo "2425"]
[EventDate "2015.??.??"]
[WhiteTitle "k++"]
[BlackTitle "IM"]

1.Nf3 Nf6 2.g3 g6 3.Bg2 Bg7 4.O-O d5 5.c4 c6 6.cxd5 cxd5 7.Qa4+ Bd7 8.Qb3 
Nc6 9.d4 O-O 10.Nc3 Na5 11.Qb4 e6 12.Ne5 Bc6 13.Bg5 h6 14.Bd2 b6 15.Rac1 
Nd7 16.Nf3 Re8 17.Nb1 Rc8 18.b3 Nb7 19.Qa3 a5 20.Rc2 b5 21.Qc1 Qb6 22.Bxh6
Bh8 23.Qf4 e5 24.dxe5 Nxe5 25.Rfc1 Nd6 26.Bh3 f5 27.Nbd2 Nef7 28.e3 Bd7 
29.Rxc8 Bxc8 30.Qh4 Ne4 31.g4 fxg4 32.Rxc8 Rxc8 33.Bxg4 Rc1+ 34.Kg2 Qf6 
35.Qxf6 Bxf6 36.Be6 Nxd2 37.Nxd2 Rd1 38.Nf3 Kh7 39.Bf4 Kg7 40.a4 bxa4 41.
bxa4 Bc3 42.Bc7 Kf6 43.Bg4 Ra1 44.Bd7 Ke7 45.Bc6 Nd8 46.Bb5 Ne6 47.Bb6 Kd6
48.Ba7 Rb1 49.Bb8+ Ke7 50.Be5 Bxe5 51.Nxe5 g5 52.Nc6+ Kd6 53.Nxa5 Nd8 54.
Bd3 Rb4 55.Bc2 Ne6 56.Nb3 Rxa4 57.Bf5 Ng7 58.Bg6 Ke5 59.Nd4 Kf6 60.Bc2 Rc4
61.Bd3 Rc3 62.Bb1 Ne8 63.Ba2 Rc5 64.Bb1 Nd6 65.h4 gxh4 66.Nf3 Rc1 67.Bh7 
Rc4 68.Kh3 Nf7 69.Bg8 Rc2 70.Kg2 Nh6 71.Bxd5 Ng4 72.Kh3 Nxf2+ 73.Kxh4 Rc3 
74.Kg3 Rxe3 75.Kxf2 Rxf3+ 76.Bxf3 1/2-1/2

[Event "POL-chT3"]
[Site "Jastrzebia Gora POL"]
[Date "2015.??.??"]
[Round "5.4"]
[White "Goluch, Piotr"]
[Black "Dobrowolski, Aleksander"]
[Result "1-0"]
[WhiteElo "2270"]
[BlackElo "2281"]
[EventDate "2015.??.??"]
[WhiteTitle "k++"]
[BlackTitle "m"]

1.d4 d5 2.c4 e6 3.g3 Nf6 4.Bg2 dxc4 5.Qa4+ Nbd7 6.Nc3 c5 7.Bf4 a6 8.Nf3 
cxd4 9.Nxd4 Bc5 10.Qxc4 Qb6 11.Na4 Qb4+ 12.Qxb4 Bxb4+ 13.Bd2 Bxd2+ 14.Kxd2
O-O 15.Rhd1 Rb8 16.Rac1 b5 17.Nc5 Nxc5 18.Rxc5 Bb7 19.Nc6 Bxc6 20.Rxc6 
Rfd8+ 21.Kc2 Rxd1 22.Kxd1 a5 23.Ra6 a4 24.Bc6 Ng4 25.Ke1 Kf8 26.Ra5 Nxh2 
27.f3 Ke7 28.Kf2 Rc8 29.Ra6 Rd8 30.Bxb5 Rd2 31.Rxa4 Rxb2 32.Bd3 g5 33.g4 
f5 34.Ra7+ Kf6 35.Rxh7 Nxg4+ 36.fxg4 Rxa2 37.Rh6+ Ke5 1-0

[Event "POL-chT3"]
[Site "Jastrzebia Gora POL"]
[Date "2015.??.??"]
[Round "5.5"]
[White "Dowgird, Filip"]
[Black "Dubinski, Mateusz"]
[Result "0-1"]
[WhiteElo "2208"]
[BlackElo "2207"]
[EventDate "2015.??.??"]
[WhiteTitle "k"]
[BlackTitle "CM"]

1.g3 d5 2.Bg2 Nf6 3.d3 Bf5 4.Nd2 e6 5.e4 Bg6 6.Ne2 dxe4 7.Nf4 e3 8.fxe3 
Nc6 9.O-O Qd7 10.a3 e5 11.Nxg6 hxg6 12.Nc4 e4 13.b4 Qe6 14.Bb2 b5 15.Nd2 
Ng4 16.Rf4 f5 17.Rxg4 fxg4 18.Bxe4 O-O-O 19.a4 Bxb4 20.c3 Bc5 21.axb5 
Bxe3+ 22.Kg2 Bxd2 23.bxc6 Rxd3 24.Qa4 Re3 0-1

[Event "POL-chT3"]
[Site "Jastrzebia Gora POL"]
[Date "2015.??.??"]
[Round "5.6"]
[White "Kulon, Klaudia"]
[Black "Korosciel, Aneta"]
[Result "1-0"]
[WhiteElo "2250"]
[BlackElo "2036"]
[EventDate "2015.??.??"]
[WhiteTitle "WGM"]
[BlackTitle "m"]

1.c4 e5 2.g3 Nf6 3.Bg2 d5 4.cxd5 Nxd5 5.Nc3 Nxc3 6.bxc3 Bc5 7.Qa4+ c6 8.
Nf3 Qe7 9.O-O Bd6 10.e4 O-O 11.d4 Nd7 12.Qc2 b6 13.Nh4 Ba6 14.Nf5 Qe6 15.
Rd1 Rfd8 16.Bg5 f6 17.d5 cxd5 18.exd5 Qe8 19.Nxd6 Qf8 20.Ne4 fxg5 21.Nxg5 
Nf6 22.d6 Bc4 23.Bxa8 Rxa8 24.Qf5 Qe8 25.d7 Qe7 26.Nf3 Be2 27.Nxe5 Bxd1 
28.Rxd1 Rd8 29.Nc6 Qe2 30.Rd4 Qe1+ 31.Kg2 Qxc3 32.Qe6+ 1-0

[Event "POL-chT3"]
[Site "Jastrzebia Gora POL"]
[Date "2015.??.??"]
[Round "5.7"]
[White "Janaszak, Dawid"]
[Black "Gajek, Radoslaw"]
[Result "1/2-1/2"]
[WhiteElo "2373"]
[BlackElo "2384"]
[EventDate "2015.??.??"]
[WhiteTitle "FM"]
[BlackTitle "IM"]

1.d4 Nf6 2.c4 e6 3.Nf3 b6 4.g3 Ba6 5.b3 b5 6.cxb5 Bxb5 7.Bg2 d5 8.O-O Nbd7
9.Nc3 Ba6 10.Re1 Bb4 11.Qc2 c5 12.a3 Bxc3 13.Qxc3 Ne4 14.Qb2 c4 15.bxc4 
Bxc4 16.Ne5 Nxe5 17.dxe5 O-O 18.Be3 Qa5 19.Rac1 Nc5 20.Bd2 Qc7 21.Qc3 Rab8
22.Be3 a6 23.Rb1 Rxb1 24.Rxb1 Rb8 25.Rxb8+ Qxb8 26.Bf3 Nd7 27.Bd4 Qb5 28.
Qd2 Nb8 29.h4 Nc6 30.Bb2 h6 31.h5 Na5 32.Bc3 Nb3 33.Qe3 Nc5 34.Bb4 Ne4 35.
Bxe4 dxe4 36.Qxe4 Bxe2 37.Qa8+ Kh7 38.Qe4+ Kg8 39.Qa8+ Kh7 40.Qe4+ Kg8 
1/2-1/2

[Event "POL-chT3"]
[Site "Jastrzebia Gora POL"]
[Date "2015.??.??"]
[Round "5.8"]
[White "Krainski, Aleksander"]
[Black "Maciejczak, Jakub"]
[Result "0-1"]
[WhiteElo "2134"]
[BlackElo "2355"]
[EventDate "2015.??.??"]
[WhiteTitle "FM"]
[BlackTitle "FM"]

1.d4 d5 2.Nf3 Nf6 3.e3 e6 4.Bd3 c5 5.c3 Nc6 6.Nbd2 Qc7 7.O-O Be7 8.dxc5 
Bxc5 9.b4 Bd6 10.Bb2 Bd7 11.Rc1 a6 12.c4 dxc4 13.Nxc4 Bxb4 14.Qb3 O-O 15.
Be5 Nxe5 16.Ncxe5 Bc5 17.Qc4 Rfc8 18.Qh4 Bb5 19.Rc3 b6 20.Rfc1 h6 21.Bb1 
Qe7 22.a4 Be8 23.Ba2 Rd8 24.a5 bxa5 25.g4 Bd6 26.Nc6 Bxc6 27.Rxc6 Ba3 28.
R1c3 Bb4 29.Rc7 Rd7 30.Rxd7 Qxd7 31.Rc4 Rc8 32.Rd4 Qb7 33.Kg2 Bc5 34.Rf4 
Be7 35.g5 Nh7 0-1

[Event "POL-chT3"]
[Site "Jastrzebia Gora POL"]
[Date "2015.??.??"]
[Round "5.9"]
[White "Dudzinski, Pawel"]
[Black "Karpus, Michal"]
[Result "1-0"]
[WhiteElo "2261"]
[BlackElo "2303"]
[EventDate "2015.??.??"]
[WhiteTitle "FM"]
[BlackTitle "FM"]

1.e4 e5 2.Nf3 Nc6 3.d4 exd4 4.Nxd4 Qf6 5.Be3 Bc5 6.c3 Nge7 7.g3 d5 8.Bg2 
Bxd4 9.cxd4 dxe4 10.Nc3 O-O 11.Nxe4 Qg6 12.O-O Bf5 13.Nc3 Rad8 14.Qa4 Bc2 
15.Qa3 Nc8 16.Qc5 Qd6 17.Qxd6 Nxd6 18.Rac1 Bf5 19.b3 Rfe8 20.Rfd1 Bg4 21.
Rd2 a6 22.Na4 Bd7 23.Nc5 Na5 24.Nxd7 Rxd7 25.Rdc2 Nb5 26.b4 Nc6 27.Rxc6 
bxc6 28.Bxc6 Red8 29.Bxd7 Rxd7 30.Rc6 Nxd4 31.Rxa6 h5 32.Bxd4 Rxd4 33.Ra8+
Kh7 34.b5 Rb4 35.a4 g5 36.h4 gxh4 37.gxh4 Rxh4 38.a5 Ra4 39.a6 Ra5 40.Rb8 
Kg6 41.Rb7 c6 42.Rb6 Kf5 43.bxc6 Ke6 44.c7+ Kd7 45.Rf6 Kxc7 46.Rxf7+ Kd6 
47.Ra7 Ke5 48.Ra8 Kf6 49.Kg2 Kg5 50.a7 Kh4 51.f4 Ra2+ 52.Kf3 Kh3 53.f5 h4 
54.Ke4 Ra6 55.f6 Rxf6 56.Re8 Ra6 57.a8=Q Rxa8 58.Rxa8 Kg3 59.Rg8+ Kf2 60.
Rh8 Kg3 61.Ke3 h3 62.Rg8+ Kh2 63.Kf3 Kh1 64.Kg3 h2 65.Re8 Kg1 66.Re1# 1-0

[Event "POL-chT3"]
[Site "Jastrzebia Gora POL"]
[Date "2015.??.??"]
[Round "5.10"]
[White "Karbowiak, Adam"]
[Black "Michalski, Filip"]
[Result "1/2-1/2"]
[WhiteElo "2153"]
[BlackElo "2176"]
[EventDate "2015.??.??"]
[WhiteTitle "k+"]
[BlackTitle "I"]

1.Nf3 Nf6 2.g3 e6 3.Bg2 d5 4.d4 Be7 5.O-O O-O 6.c4 c6 7.Qc2 Nbd7 8.Nbd2 b6
9.e4 dxc4 10.Nxc4 Bb7 11.Rd1 c5 12.Nfe5 cxd4 13.Rxd4 Qc7 14.Bf4 Nxe5 15.
Bxe5 Qc5 16.Rad1 b5 17.b4 Qc6 18.Ne3 Qxc2 19.Nxc2 Rac8 20.Ne3 Bc6 21.a3 a5
22.bxa5 Bxa3 23.Bd6 Bxd6 24.Rxd6 Bxe4 25.Rb6 Bxg2 26.Kxg2 Ne4 27.Ra1 Rb8 
28.Kf3 Nd2+ 29.Ke2 Nb3 30.Ra3 Nc5 31.Nc2 Rxb6 32.axb6 Rb8 33.Ra5 Nd7 34.
Rxb5 Rxb6 35.Ra5 g6 36.Ne3 Kg7 37.h4 Nb8 38.Ra2 Nc6 39.Kf3 Rb4 40.Kg2 Ne5 
41.Re2 Nd3 42.Rd2 Ne1+ 43.Kf1 Nf3 44.Rd3 Rb1+ 45.Rd1 Rb3 46.Kg2 Ne5 47.Rd2
f5 48.Rc2 Kf6 49.Ra2 h6 50.Ra6 Rd3 51.Kf1 Nd7 52.Ke2 Rd4 53.Rc6 g5 54.
hxg5+ hxg5 55.Ra6 Nc5 56.Ra2 Ne4 57.Rc2 Rb4 58.Rc6 Rb2+ 59.Rc2 Rb1 60.Kf3 
Rb4 61.Rc6 g4+ 62.Ke2 Rb2+ 63.Rc2 Rb1 64.Rc6 Rb5 65.Nc2 Rd5 66.Ke3 Re5 67.
f4 gxf3 68.Kxf3 Ng5+ 69.Kf2 Rd5 70.Ke3 Ra5 71.Rc4 Re5+ 72.Kf2 Ne4+ 73.Kg2 
Nd2 74.Rf4 Kg5 75.Rf2 Ne4 76.Re2 Rd5 77.Ne1 Kf6 78.g4 Nc3 79.Re3 Rd2+ 80.
Kf3 Nd5 81.Rd3 Rh2 82.gxf5 Kxf5 83.Kg3 Re2 84.Nf3 Ke4 85.Ra3 Rb2 86.Ra4+ 
Kf5 87.Nd4+ Ke5 88.Nf3+ Kd6 89.Ra6+ Nb6 90.Kf4 Rb4+ 91.Ke3 e5 92.Nd2 Kd5 
93.Ra5+ Ke6 94.Ra1 Nd5+ 95.Ke2 Kf5 96.Ra5 Nf4+ 97.Ke3 Ng6 98.Rc5 Nf4 99.
Ra5 Ng2+ 100.Kf2 Nh4 101.Ke3 Rg4 102.Ra8 Rg3+ 103.Kf2 Rg2+ 104.Ke3 1/2-1/2

[Event "POL-chT3"]
[Site "Jastrzebia Gora POL"]
[Date "2015.??.??"]
[Round "5.11"]
[White "Ziabek, Patryk"]
[Black "Krainski, Slawomir"]
[Result "1/2-1/2"]
[WhiteElo "2038"]
[BlackElo "2124"]
[EventDate "2015.??.??"]
[WhiteTitle "I+"]
[BlackTitle "k"]

1.Nf3 f5 2.d3 Nf6 3.e4 d6 4.Nc3 e5 5.exf5 Bxf5 6.d4 e4 7.Nh4 Bg4 8.Be2 
Bxe2 9.Qxe2 d5 10.Bg5 Bb4 11.Qb5+ Nc6 12.O-O O-O 13.Nf5 a6 14.Qa4 Qd7 15.
Ne3 Bxc3 16.bxc3 b5 17.Qa3 Ng4 18.Qc5 Nxe3 19.fxe3 Na5 20.Rf4 Nc4 21.Raf1 
Rxf4 22.Bxf4 c6 23.h3 h6 24.Rf2 Rf8 25.Bg3 Rxf2 26.Bxf2 Qd6 27.Qa7 a5 28.
Qa8+ Kh7 29.Qc8 Qg6 30.Qf8 Qg5 31.h4 Qg4 32.Qe8 Qd1+ 33.Kh2 Qf1 34.Kg3 Qe2
35.h5 Nxe3 36.Qg6+ Kh8 37.Qe8+ Kh7 38.Qg6+ Kh8 39.Qe8+ Kh7 40.Qg6+ Kh8 
1/2-1/2

[Event "POL-chT3"]
[Site "Jastrzebia Gora POL"]
[Date "2015.??.??"]
[Round "5.12"]
[White "Pacuszka, Wioletta"]
[Black "Magnucka, Milena"]
[Result "0-1"]
[WhiteElo "1943"]
[BlackElo "1950"]
[EventDate "2015.??.??"]
[WhiteTitle "I+"]
[BlackTitle "WFM"]

1.e4 g6 2.d4 Bg7 3.Nc3 d6 4.Be3 Nf6 5.Bc4 c6 6.a4 Qa5 7.f3 O-O 8.Ne2 e5 9.
O-O Re8 10.d5 Qc7 11.a5 c5 12.Nb5 Qd8 13.Qd2 a6 14.Nbc3 Nbd7 15.Na4 b5 16.
axb6 Nxb6 17.Nxb6 Qxb6 18.Rfb1 Qc7 19.b4 cxb4 20.Qxb4 a5 21.Bb6 Qe7 22.
Rxa5 Rb8 23.Ra7 Nd7 24.Qa5 Bh6 25.Qc3 Qg5 26.f4 exf4 27.Qd4 f3 28.Ng3 Rxb6
29.Re1 Bg7 30.Qf2 Rb4 31.Rc7 Ne5 32.Bb3 fxg2 33.Kxg2 h5 34.Kh1 h4 35.Ne2 
Bg4 36.Ng1 Qh5 37.Re3 Bh6 38.Rec3 Rxe4 39.Ra7 Rf4 40.Qg2 Nf3 0-1

[Event "POL-chT3"]
[Site "Jastrzebia Gora POL"]
[Date "2015.??.??"]
[Round "5.13"]
[White "Hnydiuk, Aleksander"]
[Black "Krysztofiak, Marcin"]
[Result "1/2-1/2"]
[WhiteElo "2354"]
[BlackElo "2392"]
[EventDate "2015.??.??"]
[WhiteTitle "IM"]
[BlackTitle "IM"]

1.d4 Nf6 2.c4 e6 3.g3 d5 4.Nf3 dxc4 5.Bg2 Bb4+ 6.Bd2 a5 7.O-O O-O 8.Qc2 c5
9.dxc5 Bxc5 10.Qxc4 Nbd7 11.Nc3 b6 12.Rad1 Ba6 13.Qh4 Rc8 14.Bg5 Qc7 15.
Nd4 h6 16.Bf4 e5 17.Ndb5 Qb8 18.Bc1 Rfd8 19.Qh3 Nf8 20.Qf5 Rxd1 21.Rxd1 
Rd8 22.Qc2 Ne6 23.Rxd8+ Qxd8 24.Qd2 Qxd2 25.Bxd2 Ne8 26.Bc6 Nd6 27.Nxd6 
Bxd6 28.Bb5 Bxb5 29.Nxb5 Bc5 30.Kg2 f5 31.Nc3 Kf7 32.Na4 Ke7 33.Bc3 Kd6 
34.Nxc5 Nxc5 35.f4 Nd7 36.Kf3 g6 37.e4 fxe4+ 38.Kxe4 Nc5+ 39.Ke3 exf4+ 40.
Kxf4 Kd5 41.Ke3 h5 42.Bd4 1/2-1/2

[Event "POL-chT3"]
[Site "Jastrzebia Gora POL"]
[Date "2015.??.??"]
[Round "5.14"]
[White "Grabarczyk, Miroslaw"]
[Black "Helis, Tadeusz"]
[Result "1-0"]
[WhiteElo "2442"]
[BlackElo "2228"]
[EventDate "2015.??.??"]
[WhiteTitle "GM"]
[BlackTitle "FM"]

1.d4 Nf6 2.c4 g6 3.Nf3 Bg7 4.g3 d6 5.Bg2 O-O 6.Nc3 Nbd7 7.O-O e5 8.e4 exd4
9.Nxd4 Re8 10.h3 Nc5 11.Re1 a5 12.b3 Nfd7 13.Be3 Ne5 14.Qc2 Bd7 15.Rad1 
Qc8 16.Kh2 f6 17.f4 Nf7 18.a3 c6 19.b4 axb4 20.axb4 Na6 21.Qb2 Nc7 22.c5 
dxc5 23.bxc5 Ne6 24.Nb3 Nf8 25.Nd4 Ne6 26.Nb3 Nf8 27.Ra1 Qc7 28.Qc2 Be6 
29.Nd4 Bd7 30.Ra4 Ne6 31.Nxe6 Bxe6 32.Rb1 Rxa4 33.Nxa4 Ra8 34.Bd4 Rd8 35.
Qc3 Qe7 36.Nb6 h5 37.Re1 h4 38.Nd5 hxg3+ 39.Qxg3 cxd5 40.exd5 Nh8 41.Rxe6 
Qf7 42.Qe3 f5 43.d6 Bxd4 44.Qxd4 Qxe6 45.Bd5 Qf7 46.Qe5 Rf8 47.Bxf7+ Nxf7 
48.Qf6 Re8 49.Qxg6+ Kf8 50.Qxf5 Re2+ 51.Kg3 Rb2 52.Qd5 Rh2 53.Kxh2 1-0

[Event "POL-chT3"]
[Site "Jastrzebia Gora POL"]
[Date "2015.??.??"]
[Round "5.15"]
[White "Osipow, Nikolaj"]
[Black "Borgula, Rafal"]
[Result "1/2-1/2"]
[WhiteElo "2117"]
[BlackElo "2267"]
[EventDate "2015.??.??"]
[WhiteTitle "k"]
[BlackTitle "FM"]

1.d4 Nf6 2.Nf3 d5 3.e3 e6 4.Be2 c5 5.O-O Nc6 6.b3 Be7 7.Bb2 O-O 8.c4 b6 9.
Ne5 Bb7 10.dxc5 Bxc5 11.Bf3 Nxe5 12.Bxe5 Qe7 13.Nd2 Rfd8 14.Qc2 Rac8 15.
Qb2 Ba6 16.Rfd1 dxc4 17.Nxc4 Bxc4 18.bxc4 Rxd1+ 19.Rxd1 Rd8 20.Rxd8+ Qxd8 
21.Bxf6 Qxf6 22.Qxf6 gxf6 23.Kf1 Kf8 24.Ke2 Ke7 25.g4 h6 26.Be4 Bd6 27.f4 
Bc5 28.Bc2 Kd6 29.h4 Ke7 30.Ba4 Bb4 31.Bc6 Kf8 32.Bb7 Ke7 33.Ba6 Bc5 34.
Kf3 f5 35.g5 h5 36.Bc8 Bb4 37.Kf2 Kf8 38.Bb7 Kg7 39.Bc6 a5 40.Be8 Bc5 
1/2-1/2

[Event "POL-chT3"]
[Site "Jastrzebia Gora POL"]
[Date "2015.??.??"]
[Round "5.16"]
[White "Robak, Zbigniew"]
[Black "Szmyd, Arkadiusz"]
[Result "1-0"]
[WhiteElo "2192"]
[BlackElo "2137"]
[EventDate "2015.??.??"]
[WhiteTitle "m"]
[BlackTitle "k"]

1.e4 d5 2.exd5 Qxd5 3.Nc3 Qa5 4.d4 Nf6 5.Nf3 c6 6.Bc4 Bf5 7.Bd2 e6 8.Nd5 
Qd8 9.Nxf6+ Qxf6 10.Ne5 Bd6 11.Qe2 h6 12.O-O-O Nd7 13.g4 Bh7 14.f4 O-O-O 
15.Rhf1 Qe7 16.Ba5 Bc7 17.Bxc7 Kxc7 18.Nxd7 Kxd7 19.Qe5 Qf6 20.Qa5 Ra8 21.
f5 Qg5+ 22.Kb1 Rhf8 23.d5 exd5 24.Bxd5 Kc8 25.Bxc6 bxc6 26.Qa6+ Kc7 27.
Rd7+ Kxd7 28.Qb7+ Kd6 29.Rd1+ Ke5 30.Qc7+ Ke4 31.Re1+ Qe3 32.Qe7+ Kf4 33.
Qxe3+ Kxg4 34.h3+ Kh5 35.Rg1 1-0

[Event "POL-chT3"]
[Site "Jastrzebia Gora POL"]
[Date "2015.??.??"]
[Round "5.17"]
[White "Knopik, Krzysztof"]
[Black "Konieczynski, Piotr"]
[Result "1/2-1/2"]
[WhiteElo "2150"]
[BlackElo "1975"]
[EventDate "2015.??.??"]
[WhiteTitle "k"]
[BlackTitle "I++"]

1.Nf3 d5 2.g3 Nf6 3.Bg2 c5 4.c4 d4 5.O-O Nc6 6.d3 e5 7.a3 a5 8.e3 Bd6 9.
exd4 cxd4 10.Bg5 O-O 11.Nbd2 h6 12.Bxf6 Qxf6 13.Ne4 Qe7 14.Nxd6 Qxd6 15.
Qc2 Re8 16.Nd2 Bf5 17.Rfe1 Qc7 18.Rab1 a4 19.b4 axb3 20.Rxb3 Ra7 21.Be4 
Be6 22.Reb1 Rea8 23.Qb2 Nd8 24.Bd5 Qe7 25.Bxe6 Nxe6 26.Rxb7 Rxb7 27.Qxb7 
Qxb7 28.Rxb7 Rxa3 29.Nb3 Ra2 30.h4 Rc2 31.Kf1 Kf8 32.Rb5 f6 33.Rb7 h5 34.
Ke1 Ke8 35.Rb5 Kd7 36.Nc5+ Nxc5 37.Rxc5 Ke6 38.Rc7 g6 39.Rg7 Kf5 40.Rg8 
Rc3 41.Ke2 Rc2+ 1/2-1/2

[Event "POL-chT3"]
[Site "Jastrzebia Gora POL"]
[Date "2015.??.??"]
[Round "5.18"]
[White "Weglarz, Joanna"]
[Black "Gonsior, Monika"]
[Result "0-1"]
[WhiteElo "2004"]
[BlackElo "1952"]
[EventDate "2015.??.??"]
[WhiteTitle "k"]
[BlackTitle "m"]

1.d4 e6 2.e4 b6 3.Bd3 Bb7 4.Nf3 d6 5.O-O Nd7 6.Qe2 Ngf6 7.Rd1 Qc8 8.Nbd2 
Be7 9.Nf1 c5 10.c3 c4 11.Bc2 O-O 12.Ng3 Re8 13.Bd2 b5 14.a4 a6 15.b4 Bc6 
16.a5 Qb7 17.Re1 Nf8 18.h3 Ng6 19.Nh2 e5 20.d5 Bd7 21.Qf3 Nh4 22.Qe2 Ng6 
23.Nhf1 Qc8 24.Ne3 Nf4 25.Qf3 g6 26.Ne2 N6h5 27.Nf1 Bg5 28.Nxf4 Nxf4 29.
Be3 h5 30.Ng3 Kg7 31.Bxf4 exf4 32.Nxh5+ gxh5 33.Qxh5 Qd8 34.e5 Rh8 35.Qf3 
dxe5 36.Rxe5 Qf6 37.Rae1 Rae8 38.R5e4 Rxe4 39.Bxe4 Re8 40.Rd1 Qe5 41.Rd4 
f5 0-1

[Event "POL-chT3"]
[Site "Jastrzebia Gora POL"]
[Date "2015.??.??"]
[Round "5.19"]
[White "Wandzik, Wojciech"]
[Black "Gumularz, Szymon"]
[Result "1/2-1/2"]
[WhiteElo "2360"]
[BlackElo "2239"]
[EventDate "2015.??.??"]
[WhiteTitle "m"]
[BlackTitle "I++"]

1.e4 d6 2.d4 Nf6 3.Nc3 e5 4.Nf3 Nbd7 5.Bc4 Be7 6.O-O O-O 7.Qe2 c6 8.a4 a5 
9.Rd1 Qc7 10.h3 exd4 11.Nxd4 Nc5 12.Bf4 Nfd7 13.Rd2 Ne5 14.Nb3 Qb6 15.Bxe5
dxe5 16.Nxc5 Bxc5 17.Nd1 Re8 18.b3 Be6 19.Bxe6 Rxe6 20.Ne3 Bxe3 21.Qxe3 
Qxe3 22.fxe3 Kf8 23.Rad1 Ke8 24.Rd7 Re7 25.R7d6 Re6 26.Rd7 Re7 27.R7d2 Rc7
28.Kf1 Rcc8 29.Ke2 Rd8 30.Kf3 Rxd2 31.Rxd2 Rd8 32.Ke2 Rxd2+ 33.Kxd2 Kd7 
34.Kc3 b5 35.b4 bxa4 36.bxa5 c5 37.Kb2 Kc6 38.c4 Kb7 39.Ka3 Ka6 40.Kxa4 h5
41.g4 hxg4 42.hxg4 g5 1/2-1/2

[Event "POL-chT3"]
[Site "Jastrzebia Gora POL"]
[Date "2015.??.??"]
[Round "5.20"]
[White "Piotrowski, Przemyslaw"]
[Black "Mroziak, Maciej"]
[Result "1/2-1/2"]
[WhiteElo "2193"]
[BlackElo "2338"]
[EventDate "2015.??.??"]
[WhiteTitle "k"]
[BlackTitle "m"]

1.d4 Nf6 2.Nf3 g6 3.g3 Bg7 4.Bg2 O-O 5.O-O d6 6.c4 Nbd7 7.Nc3 e5 8.e4 c6 
9.h3 Qb6 10.d5 Nc5 11.Qe2 cxd5 12.cxd5 Bd7 13.Be3 Rfc8 14.Rfc1 a5 15.Nd2 
a4 16.b4 Qxb4 17.Rab1 Nb3 18.axb3 Rxc3 19.Rxc3 Qxc3 20.bxa4 Rxa4 21.Rxb7 
Qc8 22.Rb6 Bxh3 23.Qb5 Ra1+ 24.Nf1 Ra8 25.Bxh3 Qxh3 26.Rb8+ Rxb8 27.Qxb8+ 
Bf8 28.Bg5 Nxe4 29.Be7 Qh6 30.Qd8 f6 31.Bxf6 Nxf6 32.Qxf6 Qg7 33.Qd8 Qe7 
34.Qb8 Kf7 35.Ne3 Qe8 36.Qc7+ Qe7 37.Qb8 Qe8 38.Qc7+ Qe7 39.Qb8 Qe8 40.
Qc7+ 1/2-1/2